MF DOOM: Albums by Cover - Statistics

General Stats
  • This quiz has been taken 14 times
  • The average score is 4 of 6
Answer Stats
Picture Hint Answer % Correct
1999 Operation: Doomsday
100%
2003, as King Geedorah Take Me to Your Leader
91%
2004 Mm..Food
73%
2003, as Viktor Vaughn Vaudeville Villain
73%
2009, as DOOM Born Like This
55%
2004, as Viktor Vaughn VV:2 | Venomous Villain
55%
No matching quizzes found
Score Distribution
Percent of People with Each Score
Percentile by Number Answered
Your Score History
You have not taken this quiz